| 000 | 01257nam a2200241Ia 4500 | ||
|---|---|---|---|
| 003 | Ost | ||
| 005 | 20260507075303.0 | ||
| 008 | 260507s9999||||xx |||||||||||||| ||und|| | ||
| 020 | _a58781199579 | ||
| 040 | _cfsecg | ||
| 041 | _aara | ||
| 082 | _a330 | ||
| 100 |
_aجودة، محفوظ احمد _eمؤلف |
||
| 245 | 0 |
_aإدارة الموارد البشرية / _c محفوظ احمد جودة |
|
| 260 |
_aعمان: _bدار وائل, _c2010 |
||
| 300 |
_a424 صفحة؛ _c24 سم |
||
| 504 | _aقائمة الجداول ص.14 | ||
| 520 | _aمفهوم ادارة الموارد البشرية و تطورها و التخطيط الاستراتيجي لها ، تصميم و تحليل الوظيفة استقطاب و اختيار و تعيين الموظفين ، التدريب، التعويضات و تقييم أداء العاملين ، الضباط العاملين و ادارة الحركة الوظيفية ، جودة حياة بيئة العمل ، العلاقات الصناعية ، الصحة و السلامة المهنية ، نظام معلومات الموارد البشرية . | ||
| 653 | _aالادارة | ||
| 653 | _aالموارد البشرية | ||
| 653 | _aالموارد البشرية | ||
| 942 | _cكتاب | ||
| 999 |
_c43802 _d43802 |
||